000 01247nam a2200253Ia 4500
999 _c53477
_d53477
001 20523
003 GE_BSU
005 20250718173250.0
008 181216s2017||||ge |||||||||||||| ||geo||
020 _a9789941246197
040 _cGE_BSU
041 _ageo
080 _a27-36 თ-54
245 _cპროექტის ავტორი და რედაქტორი თამარ მამაცაშვილი ; შემდგენელი კახაბერ კენკიშვილი ; დიზაინერი რატი თორდია.
_aႧვენი. [ტ.] 14, 11 მაისი - 20 მაისი (ახალი სტილით 24 მაისი - 2 ივნისი) /
264 _aთბილისი :
_bპალიტრა L,
_c2017.
300 _a336 გვ. ;
_c22 სმ.
490 _aჟურნალ "კარიბჭის" ბიბლიოთეკა
541 _h6 ლ.
653 _aთვენი. 11 მაისი -20 მაისი. 14
653 _aრელიგია
653 _aმართლმადიდებლური ეკლესია
653 _a წმინდანთა ცხოვრება
942 _cBK
_2udc